| 000 | 00774nam a2200241 i 4500 | ||
|---|---|---|---|
| 001 | 69110 | ||
| 003 | ES-MaACL | ||
| 005 | 20230906170434.0 | ||
| 007 | t| | ||
| 008 | 040910s2003 sp ||||1| spa d | ||
| 020 | _a84-9740-087-9 | ||
| 080 | _a821.134.2.09"15/16" | ||
| 100 | 1 |
_aRuiz Pérez, Pedro. _9100898 |
|
| 245 | 1 | 0 |
_aManual de estudios literarios de los siglos de oro / _cPedro Ruiz Pérez. |
| 260 |
_aMadrid : _bCastalia, _c[2003] |
||
| 300 |
_a478 p. ; _c25 cm. |
||
| 490 | 1 |
_aCastalia universidad ; _v2 |
|
| 504 | _aIncluye referencias bibliográficas. | ||
| 650 | 1 | 4 |
_aLiteratura española- _yS.XVI-XVII- _xHistoria y crítica. _914571 |
| 830 | 0 |
_aCastalia universidad ; _v2 _9230979 |
|
| 852 |
_aES-MaACL _jL-28045 _bR.133853 |
||
| 999 |
_c69110 _d69110 |
||